Interpersonal Business Communication & Report Writing Skill (Record no. 34537)

MARC details
000 -LEADER
fixed length control field 00384nam a2200133Ia 4500
008 - FIXED-LENGTH DATA ELEMENTS--GENERAL INFORMATION
fixed length control field 231019s9999 xx 000 0 und d
082 ## - DEWEY DECIMAL CLASSIFICATION NUMBER
Classification number 651.74
Item number MAN-I
100 ## - MAIN ENTRY--AUTHOR
Author Name Prof. Syed Manzoor ul Hassan
245 #0 - TITLE STATEMENT
Title Interpersonal Business Communication & Report Writing Skill
260 ## - PUBLICATION, DISTRIBUTION, ETC.
Place of Publication Lahore, Pakistan
Name of publisher, distributor, etc. Majeed Book Depot.
Date of publication, distribution, etc. 2015
300 ## - PHYSICAL DESCRIPTION
Pages 214
650 ## - SUBJECT ADDED ENTRY--TOPICAL TERM
Subject / Department Accounting
952 ## - LOCATION AND ITEM INFORMATION (KOHA)
-- 0
-- 0
Holdings
Lost status Damaged status Permanent Location Current Location Date acquired Full Call Number Accession No./Barcode Date last seen item type
    Superior Information Resource Center (SIRC) Superior University - City Campus Superior Information Resource Center (SIRC) Superior University - City Campus 10/19/2023 651.74 MAN-I 28086 10/19/2023 BOOK

Powered by Koha